| 000 | 00834nam a2200265 i 4500 | ||
|---|---|---|---|
| 003 | DO-SdBNP | ||
| 005 | 20240625150215.0 | ||
| 007 | ta | ||
| 008 | 240625b2000 mx d|||| |||| 00| 0 spa d | ||
| 020 | _a9681861256 | ||
| 040 |
_aDO-SdBNP _bspa _cBNPHU _erda |
||
| 082 | 4 | _222 | |
| 100 | 1 |
_aW. Kolb, Robert, _eautor _985808 |
|
| 245 | 1 | 0 |
_aInversiones / _cRobert W. Kolb |
| 264 |
_aMéxico : _bLimusa: _bGrupo Noriega, _c2000. |
||
| 300 |
_a746 páginas : _bgráficos ; _c24 cm. |
||
| 336 |
_2rdacontent _atexto _btxt |
||
| 337 |
_2rdamedia _asin mediación _bn |
||
| 338 |
_2rdacarrier _avolumen _bnc |
||
| 500 | _aIncluye referencias bibliográficas y notas al pie de las páginas | ||
| 500 | _aIncluye datos biográficos del autor en la contracubierta | ||
| 590 | _aInventariado, 2024/BT | ||
| 910 | _aBtavárez | ||
| 942 |
_2ddc _cLBS1 |
||
| 999 |
_c56986 _d56986 |
||